|
|
|
|
| LEADER |
00000nam0a2200000 4500 |
| 001 |
107146 |
| 005 |
20231101214719.0 |
| 010 |
|
|
|a 5020340774
|
| 035 |
|
|
|a (RuTPU)RU\TPU\book\115687
|
| 090 |
|
|
|a 107146
|
| 100 |
|
|
|a 20061219d2006 k y0rusy50 ca
|
| 101 |
0 |
|
|a rus
|
| 102 |
|
|
|a RU
|
| 105 |
|
|
|a a z 001zd
|
| 200 |
1 |
|
|a Публицистика. Научные доклады и обзоры
|e избранные труды
|f Н. К. Кочетков
|g Российская академия наук; Институт органической химии им. Н. Д. Зелинского
|
| 210 |
|
|
|a Москва
|c Наука
|d 2006
|
| 215 |
|
|
|a 338 с.
|c ил.
|
| 225 |
1 |
|
|a Памятники отечественной науки. XX век
|
| 320 |
|
|
|a Библиография в конце глав.
|
| 330 |
|
|
|a Сборник включает публицистику и избранные научные труды выдающегося российского химика-органика, создателя научной школы по химии и биохимии углеводов академика Н. К. Кочеткова (1915-2005 гг.). Очерки автора, иллюстрированные фотографиями, отражают ключевые моменты биографии ученого и одновременно освещают важные события в истории отечественной химической науки. Основную часть книги составляют его научные обзоры (некоторые из них печатаются с сокращениями). Большинство обзоров посвящено достижениям в области химии углеводов, которые принесли ему всемирную известность. Вступительная статья профессора В. Н. Шибаева дает представление о существенном вкладе Н. К. Кочеткова в развитие отечественной и мировой органической химии. Для исследователей, аспирантов и студентов, специализирующихся в области органической и биоорганической химии.
|
| 600 |
|
1 |
|a Тодд
|b А. Р.
|c химик-органик
|c лауреат Нобелевской премии
|f 1907-1997
|g Александр Робертус
|2 stltpush
|3 (RuTPU)RU\TPU\pers\18771
|
| 600 |
|
1 |
|a Кочетков
|b Н. К.
|c российский химик-органик
|c член-корреспондент АН СССР, академик МГУ
|f 1915-2005
|g Николай Константинович
|2 stltpush
|3 (RuTPU)RU\TPU\pers\18770
|9 7025
|
| 606 |
1 |
|
|a Органическая химия
|x История
|2 stltpush
|3 (RuTPU)RU\TPU\subj\75461
|9 87225
|
| 610 |
1 |
|
|a полисахариды
|
| 610 |
1 |
|
|a каталитические антитела
|
| 610 |
1 |
|
|a неогликоконъюгаты
|
| 610 |
1 |
|
|a моносахариды
|
| 610 |
1 |
|
|a углеводы
|
| 610 |
1 |
|
|a масс-спектрометрия
|
| 610 |
1 |
|
|a хлорвенилкетоны
|
| 675 |
|
|
|a 547(09)
|v 3
|
| 700 |
|
1 |
|a Кочетков
|b Н. К.
|g Николай Константинович
|
| 712 |
0 |
2 |
|a Российская академия наук (РАН)
|b Институт органической химии им. Н. Д. Зелинского (ИОХ)
|c (Москва)
|2 stltpush
|3 (RuTPU)RU\TPU\col\335
|
| 801 |
|
1 |
|a RU
|b 63413507
|c 20061219
|g PSBO
|
| 801 |
|
2 |
|a RU
|b 63413507
|c 20160701
|g PSBO
|
| 942 |
|
|
|c BK
|